| 000 | 00801nam a2200229 a 4500 | ||
|---|---|---|---|
| 001 | 49296 | ||
| 003 | BD-RjUL | ||
| 005 | 20211209054648.0 | ||
| 008 | 160820s1983 bg ||||| |||| 00| 0 ben d | ||
| 020 | _c: Tk. 55.00 | ||
| 035 | _a(BD-RjUL)49415 | ||
| 040 |
_aBD-RjUL _bben _cBD-RjUL |
||
| 041 | _aben | ||
| 082 |
_223 _a891.4408 _bSIR 1983 |
||
| 245 | 0 | 0 | _aসিরাজউদ্দীন হোসেন রচনাবলী / |
| 260 |
_aঢাকা : _bবাংলা একাডেমী, _c১৯৮৩ |
||
| 300 |
_a১৫২ পৃ. ; _c২৪ সেমি |
||
| 650 |
_aবাংলা সাহিত্য _vসংগ্রহ _9122719 |
||
| 650 |
_aBengali Literature _vCollection _9122720 |
||
| 700 |
_aখান, রাহাত, সম্পাদক _9122311 |
||
| 942 |
_2ddc _cBK |
||
| 999 |
_c49296 _d49296 |
||